10 to 1: Product Brands IV Quiz Stats

 Plays Quiz Updated Dec 15, 2017

Score 0/55 Timer 06:00
13 Plays Today
% Correct
Gucci
96.2%
Louis Vuitton
96%
Prada
92.3%
DKNY
91.3%
Michael Kors
90.8%
COACH
90.4%
Colgate
89.5%
Burberry
89%
Uber
88.8%
Crest
88.4%
The Home Depot
88.3%
Liberty Mutual
87.4%
HarperCollins
86.8%
Allstate
85.6%
Random House
84.3%
Lyft
82.8%
State Farm
82.6%
Houghton Mifflin Harcourt
82.6%
Lowe's
82.4%
Progressive
81.9%
Simon and Schuster
81.7%
Ultrabrite
80.6%
Scholastic
80.3%
Farmers
80.2%
Pillsbury Best
80%
Travelers
78.8%
Penguin
78.1%
Pepsodent
77.7%
% Correct
Intel
77.5%
Arm & Hammer
76.4%
Ultragrain
74.7%
Curb
74.4%
True Value
73.5%
Gold Medal
73.1%
Macmillan
72%
Gleem
69.9%
Samsung
69.9%
Hermes
69%
Taiwan Semiconductor
68.7%
Experian
66.8%
Dooney & Bourke
66.6%
TransUnion
65.9%
White Lily
63%
YKK
62.3%
Do It Best
60.8%
Rembrandt
59.7%
Martha White
59.6%
Pearson
58.4%
Grab
57.7%
Menards
56.7%
Mulberry
54.8%
Hachette Livre
44.5%
King Arthur
43.8%
Zurich
42.4%
Tokio Marine
32.5%

You're not logged in!

Compare scores with friends on all Sporcle quizzes.
OR
Log In

You Might Also Like...

Show Comments

Extras

Top Quizzes Today


Score Distribution

Your Account Isn't Verified!

In order to create a playlist on Sporcle, you need to verify the email address you used during registration. Go to your Sporcle Settings to finish the process.

Report this User

Report this user for behavior that violates our Community Guidelines.

Details: